|
|
|
|
| LEADER |
00000nam a2200000 i 4500 |
| 001 |
DIGCOLMX0011 |
| 003 |
NyNyDIG |
| 006 |
m o d |
| 008 |
210606s2020 mx ab o 000 0 spa d |
| 007 |
cr ||||||||||| |
| 035 |
|
|
|a (OCoLC)1140011325
|
| 040 |
|
|
|a DGITA
|b eng
|e rda
|e pn
|c DGITA
|
| 020 |
|
|
|a 9786075641591
|q ISBN electrónico
|
| 020 |
|
|
|a 6075641599
|q ISBN electrónico
|
| 020 |
|
|
|z 9786076289556
|q impreso
|
| 020 |
|
|
|z 6076289554
|q impreso
|
| 043 |
|
|
|a cl-----
|
| 050 |
1 |
4 |
|a HC125 ebook
|
| 082 |
0 |
4 |
|a 338.98
|
| 130 |
0 |
|
|a First export era revisisted.
|l Spanish.
|
| 245 |
1 |
3 |
|a La primera era exportadora reconsiderada :
|b una revaloracion de su contribucion a las economias latinoamericanas /
|c Sandra Kuntz Ficker editora.
|
| 250 |
|
|
|a Primera edición electrónica.
|
| 264 |
|
1 |
|a Ciudad de México, México :
|b El Colegio de México, Centro de Estudios Históricos,
|c 2020.
|
| 300 |
|
|
|a 1 online resource :
|b illustrations, maps.
|
| 336 |
|
|
|a text
|b txt
|2 rdacontent
|
| 337 |
|
|
|a computer
|b c
|2 rdamedia
|
| 338 |
|
|
|a online resource
|b cr
|2 rdacarrier
|
| 347 |
|
|
|a text file
|2 rdaft
|
| 347 |
|
|
|b EPUB
|
| 586 |
|
|
|a Premio Bianual Jaume Vicens Vives 2018
|
| 588 |
0 |
|
|a Online resource; title from ePub title page (Digitalia, viewed June 7, 2021)
|
| 651 |
|
0 |
|a Latin America
|x Economic conditions
|y 19th century.
|
| 650 |
|
0 |
|a Exports
|z Latin America.
|
| 650 |
|
0 |
|a Globalization
|x Economic aspects
|z Latin America.
|
| 650 |
|
0 |
|a Commercial products
|z Latin America.
|
| 651 |
|
0 |
|a Latin America
|x Commerce.
|
| 655 |
|
0 |
|a Electronic books.
|
| 700 |
1 |
|
|a Kuntz Ficker, Sandra,
|e editor.
|
| 710 |
2 |
|
|a Colegio de México.
|b Centro de Estudios Históricos,
|e issuing body.
|
| 791 |
2 |
|
|a Digitalia (Firm),
|e distributor.
|
| 730 |
0 |
|
|i Translation of:
|a First export era revisisted.
|
| 793 |
0 |
|
|g Digitalia eBook Collection:
|a El Colegio de México
|
| 776 |
0 |
8 |
|i Print version:
|a First export era revisisted.
|t Primera era exportadora reconsiderada.
|b Primera edición.
|d Ciudad de México, México : El Colegio de México, Centro de Estudios Históricos, 2019
|z 9786076289556
|
| 856 |
4 |
0 |
|3 Digitalia Hispánica
|u https://www.digitaliapublishing.com/a/80650/
|
| 910 |
|
|
|a Premium collection: 2021
|